Jeep Models by photo - Statistics

General Stats
  • This quiz has been taken 91 times
  • The average score is 7 of 11
Answer Stats
Picture Answer % Correct
Cherokee
89%
Wrangler
89%
Grand Cherokee
80%
Compass
71%
Gladiator
71%
Wagoneer
60%
Patriot
53%
Grand Wagoneer
51%
Liberty
51%
Renegade
49%
Commander
38%
No matching quizzes found
Score Distribution
Percent of People with Each Score
Percentile by Number Answered
Your Score History
You have not taken this quiz